000 02454nam0a2200457 4500
001 RU\NLR\bibl\1768664
005 20250616130753.0
010 _a978-5-7882-0993-7
_9100
021 _aRU
_b2011-29406
_92086
035 _a(nilc)RSL-KNO-004931790
035 _a(NLR Aleph) 001759451
090 _a1569074
_c1569074
100 _a20110425d2010 |||y0rusy50 ca
101 0 _arus
102 _aRU
105 _aa |||||||||
200 1 _aСовременные проблемы науки о заготовке и переработке древесины
_eучебное пособие
_e[для магистров направления 250300 "Технология и оборудование лесозаготовительных и деревообрабатывающих производств"]
_fР.Г. Сафин, Д.Ф. Зиатдинова, Д.Ш. Гайнуллина
_gМ-во образования и науки Рос. Федерации, Гос. образоват. учреждение высш. проф. образования "Казан. гос. технол. ун-т"
210 _aКазань
_cКГТУ
_d2010
215 _a199 с.
_cил.
_d21
313 _aи стр-во дер. домов
320 _aБиблиогр.: с. 195-197 (50 назв.)
606 1 _aЛесозаготовки
_jУчебные издания для высших учебных заведений
_91224907
_3RU\NLR\auth\66180642
606 1 _aДеревообработка
_jУчебные издания для высших учебных заведений
_91079110
_3RU\NLR\auth\66102727
606 1 _aДеревянные дома
_jУчебные издания для высших учебных заведений
_xСтроительство
_9931644
_3RU\NLR\auth\66343132
686 _aМ13я73-1
_2rubbk
686 _aП39я73-1
_2rubbk
686 _aП390я73
686 _aМ13я73-1
686 _aН703.5я73-1
700 1 _4070
_aСафин
_bР. Г.
_cд-р техн. наук
_gРушан Гареевич
_9143830
_3RU\NLR\AUTH\770143866
701 1 _aЗиатдинова
_bД. Ф.
_gДиляра Фариловна
_4070
701 1 _aГайнуллина
_bД. Ш.
_4070
801 0 _aRU
_bRuMoRKP
_c20110425
_grcr
801 1 _aRU
_bРГБ
_c20110425
801 2 _aRU
_bNLR
_c20110513
_grcr
830 _aАвт. по ЭК.
942 _cBOOK
980 _aNB
980 _aNBR